Bundeskanzler seit 1949 - Sudden Death - Statistiken

Allgemein
  • Dieses Quiz wurde 187 mal gespielt
  • Das Durchschnittsergebnis liegt bei 9 aus 10
Answers on the Grid
Answers color-coded by a green-red scale on the quiz's grid according to % correct below.
Olaf Scholz
Konrad Adenauer
Ludwig Erhard
Kurt Georg Kiesinger
Hans-Dietrich Genscher
Walter Scheel
Willy Brandt
Joschka Fischer
Helmut Schmidt
Theodor Heuss
Helmut Kohl
Gerhard Schröder
Frank-Walter Steinmeier
Annalena Baerbock
Angela Merkel
Boris Pistorius
Thomas Müller
Friedrich Merz
 
Antwortstatistiken
Antwort % Korrekt
Olaf Scholz
99%
Konrad Adenauer
95%
Angela Merkel
94%
Helmut Kohl
93%
Friedrich Merz
92%
Gerhard Schröder
92%
Helmut Schmidt
91%
Willy Brandt
91%
Ludwig Erhard
89%
Kurt Georg Kiesinger
85%
Keine übereinstimmenden Quizze gefunden
Verteilung der Resultate
Anzahl Personen mit jedem Resultat
Perzentil nach korrekt beantworteten Fragen
Ihre Resultats-Entwicklung
Sie haben dieses Quiz noch nicht gespielt